Quick Pick: Solfège Quiz Stats

 Plays Quiz Updated Jul 30, 2018

Challenge
Share
Tweet
Embed
Score 0/7 Timer 00:30
1 Play Today
% Correct
Fa
94.8%
Do
94.6%
Sol
94.2%
Re
93.7%
La
93.1%
Mi
93.1%
Ti
89.4%

Today's Daily Dose

You're not logged in!

Compare scores with friends on all Sporcle quizzes.
OR
Log In

You Might Also Like...

Show Comments

Extras

Top Quizzes Today


Score Distribution

Your Account Isn't Verified!

In order to create a playlist on Sporcle, you need to verify the email address you used during registration. Go to your Sporcle Settings to finish the process.

Report this User

Report this user for behavior that violates our Community Guidelines.

Details: